000 00531nam a2200181 a 4500
005 20210219152824.0
008 991125n 000 0 eng u
035 _aUPN01000062350
100 _aLobello, Steven G.
222 _aJOURNAL OF SCHOOL PSYCHOLOGY
245 _aA short form of the Wechsler preschool and primary scale of intelligence-revised
300 _a229-236
362 _a1991 29, no. 3
653 0 _aNI\197OS DE PREESCOLAR
653 0 _aINTELIGENCIA -
_xPRUEBAS
904 _aAC
_b000161
905 _aArticulo
999 _c61672
_d61672